Modern England before the reform bill / (Record no. 159252)

MARC details
000 -LEADER
campo de control de longitud fija 00678nam a22001935i 4500
001 - NÚMERO DE CONTROL
campo de control 159252
003 - IDENTIFICADOR DE NÚMERO DE CONTROL
campo de control ES-MaACL
005 - FECHA Y HORA DE LA ÚLTIMA TRANSACCIÓN
campo de control 20250810063045.0
008 - DATOS DE LONGITUD FIJA--INFORMACIÓN GENERAL
campo de control de longitud fija 040830s1899 xxka |||| | eng d
040 ## - FUENTE DE CATALOGACIÓN
Centro catalogador/agencia de origen CAM
Lengua de catalogación spa
Centro/agencia transcriptor CAM
100 1# - ENTRADA PRINCIPAL--NOMBRE DE PERSONA
Nombre de persona McCarthy, Justin,
Fechas asociadas al nombre 1830-1912
9 (RLIN) 79526
245 10 - MENCIÓN DEL TÍTULO
Título Modern England before the reform bill /
Mención de responsabilidad, etc. by Justin McCarthy.
260 ## - PUBLICACIÓN, DISTRIBUCIÓN, ETC.
Lugar de publicación, distribución, etc. London :
Nombre del editor, distribuidor, etc. T. Fisher Unwin ;
Lugar de publicación, distribución, etc. New York :
Nombre del editor, distribuidor, etc. G.P. Putnam's sons,
Fecha de publicación, distribución, etc. 1899.
300 ## - DESCRIPCIÓN FÍSICA
Extensión XVI, 340 p. :
Otras características físicas il. ;
Dimensiones 20 cm.
490 1# - MENCIÓN DE SERIE
Mención de serie The story of the nations
830 0# - PUNTO DE ACCESO ADICIONAL DE SERIE-TÍTULO UNIFORME
Título uniforme The story of the nations
9 (RLIN) 221921
852 ## - LOCALIZACIÓN
Ubicación ES-MaACL
Número de control de estantería G-267
Nota libre -- Enc. editorial en tela estampada
Holdings
Estatus retirado Estado de pérdida Estado de daño No para préstamo Colección Biblioteca de origen Biblioteca actual Ubicación en estantería Fecha de adquisición Fuente de adquisición Total de préstamos Signatura topográfica completa Código de barras Visto por última vez Precio de reemplazo Tipo de ítem Koha
        Libros del s. XIX Biblioteca del Ateneo de Madrid Biblioteca del Ateneo de Madrid Depósito 2 17/01/2008     G-267 1166711 23/02/2023 23/02/2023 Libro impreso antiguo